Welcome to CU Library Online Public Access Catalogue (OPAC)

Power for living / (Record no. 1141)

MARC details
000 -LEADER
fixed length control field 00618cam a2200205 a 4500
001 - CONTROL NUMBER
control field 13349967
005 - DATE AND TIME OF LATEST TRANSACTION
control field 20241113170010.0
008 - FIXED-LENGTH DATA ELEMENTS--GENERAL INFORMATION
fixed length control field 030923s1998 xxua b 000 0 eng
020 ## - INTERNATIONAL STANDARD BOOK NUMBER
International Standard Book Number 084231816X
050 00 - LIBRARY OF CONGRESS CALL NUMBER
Classification number BV4501.2
Item number .B8192 1998
100 1# - MAIN ENTRY--PERSONAL NAME
Personal name Buckingham, Jamie.
245 10 - TITLE STATEMENT
Title Power for living /
Statement of responsibility, etc. by Jamie Buckingham ; commissioned by the Arthur S. DeMoss Foundation.
250 ## - EDITION STATEMENT
Edition statement Rev. ed.
260 ## - PUBLICATION, DISTRIBUTION, ETC.
Place of publication, distribution, etc. [United States :
Name of publisher, distributor, etc. s.n.],
Date of publication, distribution, etc. 1998.
300 ## - PHYSICAL DESCRIPTION
Extent ix, 134 p. :
Other physical details ill. ;
Dimensions 21 cm.
500 ## - GENERAL NOTE
General note "November 1998".
650 #0 - SUBJECT ADDED ENTRY--TOPICAL TERM
Topical term or geographic name entry element Christian life.
710 2# - ADDED ENTRY--CORPORATE NAME
Corporate name or jurisdiction name as entry element Arthur S. DeMoss Foundation.
942 ## - ADDED ENTRY ELEMENTS (KOHA)
Source of classification or shelving scheme Library of Congress Classification
Koha item type Books
Suppress in OPAC No
999 ## -
-- 1141
-- 1141
Holdings
Withdrawn status Lost status Source of classification or shelving scheme Damaged status Not for loan Collection Home library Current library Shelving location Date acquired Total checkouts Full call number Barcode Date last seen Copy number Price effective from Koha item type
    Library of Congress Classification     Non-fiction Law Library (Miotso) Law Library (Miotso) General stacks 11/13/2024   BV4501.2 BUC LLM00000847 11/13/2024 1 11/13/2024 Books
    Library of Congress Classification     Non-fiction Law Library (Miotso) Law Library (Miotso) General stacks 11/13/2024   BV4501.2 BUC LLM00000960 11/13/2024 2 11/13/2024 Books
© 2023-2024 Copyright: Central University Libraries. All Rights Reserved | Created by: Mahone Tech Office